000 00598nam a2200145 a 4500
008 180208s2006 ||||||||||||||||| || u
050 _aJF 1081 Ant
110 _aMinistry for Foreign Affairs of Finland
245 1 0 _aAnti-corruption handbook for development practitioners
_cBy Ministry for foreign affairs of finland
260 _aFinland:
_c2006
300 _a214p.: ill.
650 _aCORRUPTION
650 _aCORRUPTION--ECONOMIC ASPECTS
995 _FCBU-MAIN LIBRARY (Kitwe)
_M1
_UAVAILABLE
_WFeb 8, 2018
_ZMain Library Open Access Collection
999 _c34493
_d34493